[Event "Match"]
[Site "www.echecsemail.com"]
[Date "2017.01.30"]
[Round "1"]
[White "Pdebonis"]
[Black "Estonia"]
[WhiteElo "2049"]
[BlackElo "2090"]
[Result "1-0"]
[Round "1"]
1.e4 c5
2.Nb1c3 Nb8c6
3.Bf1b5 Nc6d4
4.Bb5c4 e6
5.Ng1e2 d6
6.Ne2xd4 cxd4
7.Nc3e2 Qd8b6
8.c3 dxc3
9.Ne2xc3 Ng8f6
10.O-O Bf8e7
11.Bc4b3 Bc8d7
12.d4 O-O
13.Bc1e3 Bd7b5
14.d5 Qb6c7
15.Nc3xb5 Qc7a5
16.Nb5d4 e5
17.Nd4f5 Rf8e8
18.Qd1f3 Be7f8
19.Be3g5 Nf6d7
20.Qf3g4 Kh8
21.Nf5xg7 Bf8xg7
22.Qg4xd7 f6
23.Bg5e3 Re8g8
24.Qd7xd6 Ra8d8
25.Qd6e7 Rg8e8
26.Qe7xb7 h5
27.Qb7f7 Qa5b5
28.Qf7xh5 Bg7h6
29.Qh5xh6 Kg8
30.d6 Qb5xb3
31.Qh6g6 { resign }
1-0

[Event "Match"]
[Site "www.echecsemail.com"]
[Date "2017.01.30"]
[Round "1"]
[White "Wagner"]
[Black "Pdebonis"]
[WhiteElo "1810"]
[BlackElo "1499"]
[Result "0-1"]
[Round "1"]
1.e4 c5
2.Bf1c4 e6
3.e5 Nb8c6
4.Ng1f3 f6
5.d4 cxd4
6.c3 fxe5
7.O-O dxc3
8.bxc3 Ng8f6
9.Bc1g5 Bf8e7
10.Rf1e1 d5
11.Bc4b5 e4
12.Nf3e5 Qd8c7
13.Bg5xf6 Be7xf6
14.Ne5g4 O-O
15.f3 Qc7b6
16.Kh1 Qb6xb5
17.a4 Qb5b2
18.Ra1a3 exf3
19.Qd1xf3 Bf6e7
20.Qf3g3 Be7xa3
21.Qg3e3 Ba3d6
22.Nb1d2 Bd6f4
23.Re1b1 Bf4xe3
24.Rb1xb2 Be3xd2
25.Rb2b1 h5
{ resign }
0-1

[Event "Match"]
[Site "www.echecsemail.com"]
[Date "2017.01.30"]
[Round "1"]
[White "Autmich"]
[Black "Iko"]
[WhiteElo "999"]
[BlackElo "1700"]
[Result "1-0"]
[Round "1"]
1.e4 e5
2.Ng1f3 d6
3.d4 Nb8c6
4.dxe5 dxe5
5.Qd1xd8 Kxd8
6.Bf1c4 Ng8h6
7.Bc1xh6 gxh6
8.Bc4xf7 Bf8g7
9.Nb1c3 Nc6b4
10.O-O-O Ke7
11.Bf7b3 a5
12.a3 Nb4c6
13.Nf3h4 Bc8d7
14.Nc3d5 Kd8
15.Nh4f5 Bd7xf5
16.exf5 Nc6d4
17.Nd5e3 Rh8f8
18.c3 Kc8
19.cxd4 exd4
20.Bb3e6 Kb8
21.Ne3d5 c6
22.Nd5f4 a4
23.Rh1e1 c5
24.Nf4h5 Bg7h8
25.Be6c4 Rf8xf5
26.Re1e8 Ka7
27.Re8xa8 Kxa8
28.Nh5g3 Rf5xf2
29.Bc4d5 d3
30.Rd1d2 Bh8xb2
31.Rd2xb2 Rf2xb2
32.Kxb2 Ka7
33.Kc3 b6
34.Kxd3 b5
35.Ng3e4 b4
36.Ne4xc5 b3
37.Nc5xa4 b2
38.Na4xb2 h5
39.h4 Kb6
40.Bd5f7 h6
41.Bf7xh5 Kb5
42.Ke4 Kc5
43.Kf5 Kd4
44.Kg6 Kc3
45.a4 Kxb2
46.a5 Kc2
47.a6 Kd2
48.a7 Ke3
49.a8Q Kf2
50.Qa8f3 Kg1
51.g4 Kh2
52.Kf5 Kg1
53.Qf3e2 Kh1
54.Kf4 Kg1
55.Kg3 Kh1
56.Qe2f1 
1-0

[Event "Match"]
[Site "www.echecsemail.com"]
[Date "2017.01.30"]
[Round "1"]
[White "Nearlythere"]
[Black "Traub"]
[WhiteElo "1499"]
[BlackElo "1280"]
[Result "0-1"]
[Round "1"]
1.e4 e6
2.a3 d5
3.exd5 Qd8xd5
4.Nb1c3 Qd5d6
5.Nc3b5 Qd6e5
6.Qd1e2 Bf8d6
7.d4 Qe5f6
8.d5 e5
9.Ng1f3 a6
10.Nf3xe5 Qf6xe5
11.Qe2xe5 Bd6xe5
12.f4 axb5
13.Bf1xb5 c6
14.dxc6 bxc6
15.Bb5xc6 Nb8xc6
16.fxe5 Nc6xe5
17.O-O Ng8e7
18.b3 O-O
19.Bc1f4 Ne5g6
20.Bf4d6 Bc8e6
21.Bd6xe7 Ng6xe7
22.a4 Ne7d5
23.Rf1f3 Nd5b4
24.Ra1c1 f5
25.c3 Rf8c8
26.c4 g5
27.Rf3e3 Ra8a6
28.Kf2 f4
29.Re3c3 Nb4a2
30.Rc1c2 Na2xc3
31.Rc2xc3 Ra6b6
32.a5 Rb6b4
33.a6 Rc8a8
34.Kf3 Ra8xa6
35.g3 fxg3
36.hxg3 Ra6a3
37.Ke4 Ra3xb3
38.Rc3xb3 Rb4xb3
39.g4 Kf7
40.c5 Rb3b4
41.Kf3 Be6xg4
42.Kg3 h5
43.c6 Ke6
44.c7 Rb4b3
45.Kg2 Ke5
{ resign }
0-1

[Event "Match"]
[Site "www.echecsemail.com"]
[Date "2017.01.30"]
[Round "1"]
[White "Sonny1000"]
[Black "Mrmoto"]
[WhiteElo "1310"]
[BlackElo "1610"]
[Result "0-1"]
[Round "1"]
1.d4 d5
2.Ng1f3 Nb8c6
3.c3 g6
4.Bc1f4 Bf8g7
5.Bf4xc7 Qd8xc7
6.Nb1a3 Ng8f6
7.Na3b5 Qc7d8
8.Nb5xa7 Nc6xa7
9.Nf3e5 O-O
10.Ne5xg6 fxg6
11.f3 Na7c6
12.a4 Qd8b6
13.b3 e5
14.h4 exd4
15.Ra1c1 Nf6h5
16.cxd4 Nh5g3
17.Rh1g1 Bg7xd4
18.e3 Rf8e8
19.Bf1c4 Re8xe3
20.Kf2 Re3d3
21.Kxg3 Rd3xd1
22.Rg1xd1 Bd4f2
23.Kh2 Qb6c7
24.Kh1 Bc8e6
25.Bc4xd5 Kg7
26.Bd5xe6 Qc7f4
27.Rc1c4 Qf4e3
28.Rc4e4 Qe3h6
29.Be6h3 Bf2g3
30.Re4g4 Bg3xh4
31.Rd1d7 Kh8
32.Rd7xb7 Bh4f2
33.Rg4f4 Qh6xf4
34.Rb7b5 Qf4c1
35.Kh2 Ra8b8
36.Rb5xb8 Kg7
37.Bh3d7 Qc1g1
38.Kh3 h5
39.Rb8g8 Kxg8
40.Bd7xc6 Qg1b1
41.Bc6d5 Kf8
42.g4 hxg4
43.Kg2 Qb1g1
{ resign }
0-1

[Event "Match"]
[Site "www.echecsemail.com"]
[Date "2017.01.30"]
[Round "1"]
[White "Lightning"]
[Black "Midknightblu"]
[WhiteElo "1499"]
[BlackElo "1499"]
[Result "1-0"]
[Round "1"]
1.d4 d5
2.c4 dxc4
3.Ng1f3 f6
4.e4 Bc8g4
5.Bf1xc4 Nb8c6
6.Bc1e3 Bg4xf3
7.gxf3 Qd8d6
8.Nb1c3 O-O-O
9.d5 Nc6e5
10.Bc4e2 e6
11.Qd1a4 a6
12.O-O-O Kb8
13.dxe6 Qd6e7
14.Be2xa6 Rd8xd1
15.Rh1xd1 Ne5c6
16.Ba6xb7 Qe7b4
17.Qa4a8 
1-0

[Event "1/128 Finale"]
[Site "www.chess-mail.com"]
[Date "2017.01.30"]
[Round "1"]
[White "Jobeye"]
[Black "Vasylpuzanov"]
[WhiteElo "2010"]
[BlackElo "1330"]
[Result "0-1"]
[Round "1"]
1.d4 d5
2.Nb1c3 Ng8f6
3.Bc1f4 Bc8f5
4.f3 h6
5.h4 e6
6.g4 Bf5h7
7.e3 a6
8.Bf1d3 Bh7xd3
9.Qd1xd3 Nb8c6
10.Ng1e2 Bf8d6
11.Bf4xd6 Qd8xd6
12.O-O-O O-O-O
13.Ne2f4 Nc6b4
 { time }
0-1

[Event "Fast Game"]
[Site "www.echecsemail.com"]
[Date "2017.01.30"]
[Round "1"]
[White "Szustan"]
[Black "Pellix84"]
[WhiteElo "1809"]
[BlackElo "1650"]
[Result "1-0"]
[Round "1"]
1.e4 c5
2.c3 Ng8f6
3.e5 Nf6d5
4.d4 cxd4
5.Ng1f3 e6
6.cxd4 d6
7.Bf1c4 Nd5b6
8.Bc1g5 Bf8e7
9.Bg5xe7  { time }
1-0

[Event "Tourn. n9178"]
[Site "www.chess-mail.com"]
[Date "2017.01.31"]
[Round "1"]
[White "Cal"]
[Black "Autmich"]
[WhiteElo "1540"]
[BlackElo "1710"]
[Result "0-1"]
[Round "1"]
1.d4 Ng8f6
2.Nb1c3 g6
3.Ng1f3 Bf8g7
4.e4 d6
5.h3 e5
6.d5 c6
7.dxc6 Nb8xc6
8.a3 O-O
9.Bf1d3 Bc8e6
10.Bc1g5 h6
11.Bg5xf6 Bg7xf6
12.O-O Qd8b6
13.b4 Nc6d4
14.Nc3a4 Qb6c7
15.Nf3xd4 exd4
16.f4 Qc7c6
17.Na4b2 Qc6c3
18.Nb2a4 Qc3c6
19.c4 dxc3
20.Qd1c2 b5
21.Na4xc3 Qc6xc3
22.Qc2e2 Be6c4
23.Bd3xc4 Qc3xc4
24.Qe2f3 Bf6xa1
25.Rf1xa1 Qc4d4
26.Kh2 Qd4xa1
27.Qf3g4 Qa1xa3
28.h4 Qa3xb4
29.Qg4d7 Qb4xe4
30.Qd7xd6 b4
31.g3 Ra8c8
32.Kh3 h5
33.Qd6d7 Qe4h1
{ resign }
0-1

[Event "Tourn. n9168"]
[Site "www.chess-mail.com"]
[Date "2017.01.31"]
[Round "1"]
[White "Redabond"]
[Black "Cal"]
[WhiteElo "1640"]
[BlackElo "1550"]
[Result "0-1"]
[Round "1"]
1.d4 d5
2.Ng1f3 h6
3.Bc1f4 Nb8c6
4.Nb1c3 Ng8f6
5.Nc3b5 e5
6.Bf4xe5 Bf8d6
7.Be5xf6 Qd8xf6
8.e3 a6
9.Nb5xd6 Qf6xd6
10.Bf1d3 O-O
11.O-O f5
12.c4 Nc6e7
13.c5 Qd6e6
14.Nf3e5 c6
15.Qd1h5 Bc8d7
16.Ne5xd7 Qe6xd7
17.f3 Rf8f6
18.f4 Ne7g6
19.g4 fxg4
20.Bd3xg6 Qd7e6
21.f5 Qe6xe3
22.Kh1 Qe3xd4
23.Rf1e1 Ra8f8
24.Re1g1 Qd4xb2
25.Rg1b1 Qb2a3
26.Rb1xb7 Qa3f3
27.Kg1 d4
28.Rb7d7 Qf3e3
29.Kf1 Qe3f4
30.Ke1 Qf4e3
31.Kd1 Qe3g1
32.Kc2 Qg1xa1
33.Qh5xg4 Qa1c3
34.Kb1 Rf8b8
{ resign }
0-1

[Event "Tourn. n9142"]
[Site "www.chess-mail.com"]
[Date "2017.01.31"]
[Round "1"]
[White "Greghghs"]
[Black "Aperturaf"]
[WhiteElo "2380"]
[BlackElo "2380"]
[Result "1/2-1/2"]
[Round "1"]
1.d4 e6
2.c4 d5
3.Nb1c3 Ng8f6
4.cxd5 exd5
5.Bc1g5 Nb8d7
6.e3 c6
7.Bf1d3 Bf8e7
8.Qd1c2 Nd7f8
9.Ng1f3 Nf8e6
10.Bg5h4 g6
11.h3 Ne6g7
12.g4 Bc8e6
13.O-O-O Nf6d7
14.Bh4g3 O-O
15.Kb1 Ra8c8
16.Qc2e2 b5
17.Nf3e5 Qd8a5
18.Ne5xd7 Be6xd7
19.Bd3c2 b4
20.Nc3a4 Ng7e6
21.Rd1c1 Rf8e8
22.Qe2d2 Be7f8
23.Rh1d1 Ne6g5
24.f4 Ng5e4
25.Bc2xe4 Re8xe4
26.Na4c5 Bf8xc5
27.Rc1xc5 Qa5c7
28.Rd1g1 Rc8e8
29.f5 Qc7d8
30.Rc5c1 Qd8e7
31.Bg3f2 Re8b8
32.Rc1c5 Kh8
33.Ka1 { draw }
1/2-1/2

[Event "Tourn. n9065"]
[Site "www.chess-mail.com"]
[Date "2017.01.31"]
[Round "1"]
[White "Orhany24"]
[Black "Amaya"]
[WhiteElo "2210"]
[BlackElo "2100"]
[Result "1/2-1/2"]
[Round "1"]
1.e4 e6
2.d4 d5
3.exd5 exd5
4.Ng1f3 Ng8f6
5.Bf1d3 Bc8g4
6.O-O Bf8e7
7.h3 Bg4h5
8.c4 c6
9.Nb1c3 dxc4
10.Bd3xc4 O-O
11.Bc1g5 Bh5xf3
12.Qd1xf3 Qd8xd4
13.Bc4b3 Nb8d7
14.Ra1d1 Qd4c5
15.Bg5f4 Nd7e5
16.Bf4xe5 Qc5xe5
17.Rf1e1 Qe5c7
18.Rd1c1 Be7b4
19.Nc3d5 Nf6xd5
20.Re1e4 Ra8d8
21.Bb3xd5 Rd8xd5
22.Re4xb4 Rf8d8
23.g3 Rd5d3
24.Qf3g4 b6
25.Rb4c4 c5
26.b4 Qc7e5
27.bxc5 b5
28.Rc4e4 Qe5b2
29.Rc1e1 g6
30.Re4e8 Kg7
31.Re8e7 Rd8d4
32.Qg4g5 Rd4d5
33.Re7e5 Rd5xe5
34.Qg5xe5 Qb2xe5
35.Re1xe5 Kf6
36.Re5e8 Rd3c3
37.Re8c8 a5
38.Kf1 a4
39.Rc8c6 Ke5
40.Rc6c7 Ke6
41.Kg2 h5
42.g4 hxg4
43.hxg4 g5
44.f3 f6
45.Kg3 Rc3c4
46.Rc7c6 Ke5
47.a3 Rc4f4
48.Rc6b6 Rf4c4
49.Rb6xb5 Kd5
50.Rb5a5 Kd4
51.Ra5a6 Kc3
52.Ra6xf6 Rc4xc5
53.Rf6f5 Rc5c4
54.Rf5xg5 { draw }
1/2-1/2

[Event "Tourn. n9200"]
[Site "www.chess-mail.com"]
[Date "2017.01.31"]
[Round "1"]
[White "Albertf"]
[Black "Caspito"]
[WhiteElo "1790"]
[BlackElo "1830"]
[Result "0-1"]
[Round "1"]
1.e4 e5
2.Ng1f3 Nb8c6
3.Bf1c4 Qd8f6
4.Nb1c3 Bf8c5
5.Nc3d5 Qf6d6
6.a3 Ng8f6
7.b4 Bc5xf2
8.Kxf2 Nf6xe4
9.Kg1 O-O
10.d3 Ne4f6
11.a4 Nc6xb4
12.Nd5xb4 Qd6xb4
13.Bc1a3 Qb4b6
14.Kf1 Nf6g4
15.Qd1e2 d6
16.h3 Ng4e3
17.Ke1 Bc8f5
18.Kd2 Ne3xc4
19.dxc4 e4
20.Nf3h4 Qb6d4
{ resign }
0-1

[Event "Tourn. n9169"]
[Site "www.chess-mail.com"]
[Date "2017.01.31"]
[Round "1"]
[White "Piriot"]
[Black "Louis"]
[WhiteElo "2139"]
[BlackElo "2000"]
[Result "1-0"]
[Round "1"]
1.Ng1f3 d5
2.d4 c6
3.c4 Ng8f6
4.Nb1c3 dxc4
5.a4 Bc8f5
6.e3 e6
7.Bf1xc4 Bf8b4
8.O-O O-O
9.Qd1e2 Bf5g6
10.Nf3e5 Nb8d7
11.Ne5xg6 hxg6
12.Rf1d1 { resign }
1-0

[Event "Tourn. n9218"]
[Site "www.chess-mail.com"]
[Date "2017.01.31"]
[Round "1"]
[White "Bojan"]
[Black "Norlavuaram"]
[WhiteElo "2070"]
[BlackElo "2190"]
[Result "0-1"]
[Round "1"]
1.e4 e5
2.Ng1f3 Nb8c6
3.Bf1b5 a6
4.Bb5xc6 dxc6
5.d4 exd4
6.Nf3xd4 Ng8f6
7.e5 Nf6d5
8.c4 Nd5b6
9.b3 Bf8b4
10.Kf1 c5
11.a3 cxd4
12.axb4 Bc8f5
13.h3 O-O
14.g4 Bf5e4
15.Rh1h2 Qd8d7
16.f4 Ra8d8
17.Rh2d2 d3
18.Nb1c3 Be4c6
19.Bc1b2 h5
20.Kg1 hxg4
21.hxg4 Qd7d4
22.Rd2f2 Qd4e3
23.Qd1d2 Qe3g3
24.Kf1 Qg3h3
25.Ke1 Qh3xg4
26.Qd2e3 d2
27.Rf2xd2 Bc6f3
28.Nc3e2 Qg4h4
29.Kd1 Rd8xd2
30.Kxd2 Rf8d8
31.Kc2 Bf3xe2
32.Qe3xe2 Qh4xf4
33.Bb2c3 Qf4f5
34.Kb2 Qf5d3
35.Qe2h2 Qd3h7
36.Qh2f2 Nb6c8
37.Ra1g1 Nc8e7
38.e6 g6
39.exf7 Qh7xf7
40.Qf2h4 Kf8
41.Rg1g2 Ke8
42.Qh4e4 Qf7f5
43.Qe4xb7 Rd8d1
44.Rg2c2 Qf5f1
45.Qb7xa6 Rd1b1
46.Ka2 Qf1d1
47.Rc2b2 Rb1a1

0-1

[Event "Tourn. n9222"]
[Site "www.chess-mail.com"]
[Date "2017.01.31"]
[Round "1"]
[White "Yaw1"]
[Black "Bojan"]
[WhiteElo "2149"]
[BlackElo "2050"]
[Result "0-1"]
[Round "1"]
1.c4 g6
2.g3 d5
3.Bf1g2 d4
4.Qd1b3 c6
5.d3 e5
6.Ng1f3 Bf8g7
7.Bc1g5 Qd8c7
8.Nb1d2 Bc8e6
9.Nd2e4 b6
10.Qb3a4 Nb8d7
11.Nf3d2 f5
12.Bg2h3 Kf7
13.f4 fxe4
14.Bh3xe6 Kxe6
15.dxe4 h6
16.f5 gxf5
17.exf5 Kf7
18.Bg5h4 Ng8f6
19.O-O a5
20.h3 Nd7c5
21.Qa4c2 Ra8e8
22.g4 e4
23.a3 a4
24.b4 axb3
25.Nd2xb3 Nc5xb3
26.Qc2xb3 c5
27.Bh4g3 Qc7c6
28.Rf1b1 Nf6d7
29.h4 Bg7f6
30.a4 Rh8g8
31.a5 Bf6xh4
32.Kh2 Rg8xg4
33.Bg3xh4 Rg4xh4
34.Kg3 Qc6f6
35.Rb1h1 Re8g8
36.Kf2 e3
{ resign }
0-1

[Event "Tourn. n9121"]
[Site "www.chess-mail.com"]
[Date "2017.01.31"]
[Round "1"]
[White "Ffdd65"]
[Black "Norlavuaram"]
[WhiteElo "2220"]
[BlackElo "2190"]
[Result "1-0"]
[Round "1"]
1.e4 e5
2.Ng1f3 Nb8c6
3.Bf1b5 a6
4.Bb5a4 Ng8f6
5.d3 d6
6.h3 Bf8e7
7.Ba4b3 O-O
8.O-O Nc6a5
9.Nb1d2 c5
10.c4 Ra8b8
11.a4 Na5c6
12.Bb3c2 Bc8d7
13.b3 b5
14.Rf1e1 Nc6b4
15.axb5 axb5
16.Bc1a3 Nb4c6
17.Re1e3 Qd8c7
18.Ba3b2 b4
19.Nf3h2 Rb8a8
20.Nh2g4 Nf6xg4
21.hxg4 Be7g5
22.Re3h3 Ra8xa1
23.Bb2xa1 Rf8a8
24.f3 Qc7a5
25.Ba1b2 Qa5a2
26.Bb2c1 Nc6d4
27.Bc2b1 Qa2a1
28.Kf2 Bg5xd2
29.Bc1xd2 Ra8a3
30.Qd1h1 h6
31.Rh3xh6 gxh6
32.Qh1xh6 Qa1xb1
33.Qh6g5 Kh7
34.Qg5h6 Kg8
35.Qh6g5 Kf8
36.Qg5h6 Ke8
37.Qh6h8 Ke7
38.Bd2g5 { resign }
1-0

[Event "Tourn. n9071"]
[Site "www.chess-mail.com"]
[Date "2017.01.31"]
[Round "1"]
[White "Libiesse"]
[Black "Roque1"]
[WhiteElo "2050"]
[BlackElo "1800"]
[Result "0-1"]
[Round "1"]
1.d4 e6
2.c4 d5
3.Ng1f3 Ng8f6
4.Bc1g5 Bf8e7
5.Nb1c3 O-O
6.e3 Nb8c6
7.Bf1d3 Nc6b4
8.Bd3e2 b6
9.O-O c5
10.cxd5 exd5
11.a3 Nb4c6
12.dxc5 Bc8e6
13.cxb6 Qd8xb6
14.Ra1b1 Ra8c8
15.Nf3d4 Nc6xd4
16.Qd1xd4 Qb6xd4
17.exd4 Rc8c7
18.Rf1c1 Be6f5
19.Rb1a1 Rf8e8
20.Be2f3 Bf5e6
21.Bg5f4 Rc7c4
22.Bf4e5 Re8d8
23.b3 Rc4c8
24.b4 Nf6d7
25.Bf3xd5 Nd7xe5
26.Bd5xe6 fxe6
27.dxe5 Be7g5
 { time }
0-1

[Event "Tourn. n9215"]
[Site "www.chess-mail.com"]
[Date "2017.01.31"]
[Round "1"]
[White "Vaido12"]
[Black "Yaw1"]
[WhiteElo "2009"]
[BlackElo "1809"]
[Result "1-0"]
[Round "1"]
1.e4 e5
2.Ng1f3 Nb8c6
3.Bf1c4 Ng8f6
4.d3 d5
5.exd5 Nf6xd5
6.O-O Bc8e6
7.Nf3g5 Qd8d7
8.Ng5xe6 Qd7xe6
9.Nb1c3 Nd5xc3
10.bxc3 Qe6f6
11.Ra1b1 Bf8c5
12.Rb1xb7 Qf6d6
13.Qd1f3 O-O
14.Rb7b5 a6
15.Rb5xc5 Qd6xc5
16.Bc4d5 Qc5xc3
17.Bd5xc6 Ra8d8
18.Bc6d5 Qc3xc2
19.Bc1a3 c5
20.Rf1c1 Qc2d2
21.g3 Rd8d7
22.Rc1xc5 Rf8d8
23.Bd5c4 h6
24.Rc5xe5 Rd7xd3
25.Qf3xf7 Kh8
26.Re5e8 Kh7
27.Qf7f5 { resign }
1-0

[Event "Tourn. n9226"]
[Site "www.chess-mail.com"]
[Date "2017.01.31"]
[Round "1"]
[White "Ozana"]
[Black "Yaw1"]
[WhiteElo "2420"]
[BlackElo "2259"]
[Result "1-0"]
[Round "1"]
1.f4 e5
2.fxe5 Qd8h4
3.g3 Qh4e4
4.Ng1f3 Bf8b4
5.a3 Bb4a5
6.b4 Ba5b6
7.Nb1c3 Qe4c6
8.e3 Ng8e7
9.Bf1g2 Ne7d5
10.Bc1b2 Bb6xe3
11.Nc3xd5 Qc6xd5
12.dxe3 Qd5c4
13.Qd1d3 Qc4e6
14.O-O O-O
15.Nf3g5 Qe6e8
16.Qd3xh7 { resign }
1-0

[Event "Tourn. n9111"]
[Site "www.chess-mail.com"]
[Date "2017.01.31"]
[Round "1"]
[White "Estonia"]
[Black "Abuelo"]
[WhiteElo "2070"]
[BlackElo "2170"]
[Result "0-1"]
[Round "1"]
1.Ng1f3 d5
2.d4 Bc8g4
3.e3 Bg4xf3
4.Qd1xf3 e6
5.c4 c6
6.Nb1c3 dxc4
7.Bf1xc4 Bf8b4
8.O-O Nb8d7
9.a3 Bb4xc3
10.bxc3 Ng8f6
11.e4 h6
12.a4 Ra8c8
13.Bc1a3 Nd7b6
14.Bc4a2 Nb6xa4
15.Ra1b1 b5
16.Ba2b3 Na4b6
17.Ba3c5 a5
18.e5 Nf6d5
19.Qf3g3 g6
20.Bb3xd5 Nb6xd5
21.f4 Nd5e7
22.Bc5xe7 Qd8xe7
23.Rb1a1 a4
24.Rf1b1 O-O
25.Qg3h3 h5
26.c4 Rc8b8
27.cxb5 cxb5
28.Qh3d3 Qe7a7
29.h4 Rf8d8
30.Rb1b4 Kg7
31.Kh2 Qa7e7
32.Rb4xb5 Rb8xb5
33.Qd3xb5 Qe7xh4
34.Kg1 Qh4xf4
35.Ra1xa4 Rd8xd4
36.Ra4xd4 Qf4xd4
37.Kh2 Qd4d5
38.Qb5e2 Kh6
39.g3 Qd5d4
40.Kg2 Qd4g4
41.Qe2f2 h4
42.Qf2e3 Kg7
43.Kg1 Qg4xg3
44.Qe3xg3 hxg3
45.Kg2 Kh6
46.Kxg3 Kg5
{ resign }
0-1

[Event "Tourn. n9051"]
[Site "www.chess-mail.com"]
[Date "2017.01.31"]
[Round "1"]
[White "Hundegana"]
[Black "Libiesse"]
[WhiteElo "2000"]
[BlackElo "2060"]
[Result "1-0"]
[Round "1"]
1.e4 c5
2.Bf1c4 e6
3.Ng1f3 Nb8c6
4.O-O Qd8c7
5.b3 a6
6.Bc1b2 b5
7.Bc4e2 e5
8.c4 Ng8f6
9.cxb5 axb5
10.Be2xb5 Bf8d6
11.Bb5c4 h6
12.Nf3h4 Bc8b7
13.Nh4f5 O-O
14.Rf1e1 Nc6d4
15.Nf5xd6 Qc7xd6
16.Nb1c3 Qd6e7
17.Nc3b5 d6
18.Nb5xd4 cxd4
19.a4 Bb7xe4
20.f3 Be4h7
21.Bb2xd4 d5
22.Re1xe5 Qe7d6
23.Bc4b5 Nf6d7
24.Bb5xd7 Qd6xd7
25.b4 Rf8c8
26.b5 Rc8c4
27.Bd4b2 f6
28.Re5e2 Bh7c2
29.Qd1e1 Ra8xa4
30.Ra1xa4  { time }
1-0

[Event "Tourn. n9134"]
[Site "www.chess-mail.com"]
[Date "2017.01.31"]
[Round "1"]
[White "Autmich"]
[Black "Lachouette"]
[WhiteElo "1489"]
[BlackElo "1510"]
[Result "1-0"]
[Round "1"]
1.e4 e5
2.Ng1f3 d6
3.d4 exd4
4.Nf3xd4 c5
5.Nd4f3 Bc8g4
6.Bf1e2 Bg4xf3
7.Be2xf3 Nb8c6
8.O-O Ng8f6
9.Nb1c3 Nc6d4
10.Bc1g5 Bf8e7
11.Rf1e1 Nd4xf3
12.Qd1xf3 O-O
13.e5 Nf6d7
14.Bg5xe7 Qd8xe7
15.Qf3xb7 Ra8e8
16.Ra1d1 Nd7xe5
17.Qb7xe7 Re8xe7
18.f4 f6
19.fxe5 fxe5
20.Rd1xd6 a5
21.Rd6c6 g5
22.Rc6xc5 Rf8f5
23.Rc5xa5 Kg7
24.Ra5c5 Kf6
25.Nc3e4  { time }
1-0

[Event "Match"]
[Site "www.echecsemail.com"]
[Date "2017.01.31"]
[Round "1"]
[White "Sonny1000"]
[Black "Iko"]
[WhiteElo "1280"]
[BlackElo "1670"]
[Result "0-1"]
[Round "1"]
1.d4 d5
2.Ng1f3 Nb8c6
3.c3 Bc8g4
4.Nf3h4 e5
5.g3 g5
6.dxe5 gxh4
7.gxh4 Nc6xe5
8.Bc1g5 Ng8f6
9.Qd1d4 Qd8d6
10.Bg5xf6 Qd6xf6
11.Qd4xd5 c6
12.Qd5d4 Qf6e7
13.f4 Ne5f3
14.Kd1 Nf3xd4
15.cxd4 O-O-O
16.Rh1g1 Rh8g8
17.h5 Bg4xe2
18.Ke1 Rg8xg1
19.Nb1d2 Rd8xd4
20.Kf2 Rd4xd2
21.Ra1e1 Qe7c5
{ resign }
0-1

[Event "Match"]
[Site "www.echecsemail.com"]
[Date "2017.01.31"]
[Round "1"]
[White "Yaw1"]
[Black "Joseph1983"]
[WhiteElo "2149"]
[BlackElo "2200"]
[Result "0-1"]
[Round "1"]
1.d4 d5
2.Nb1c3 Ng8f6
3.Bc1f4 Bc8f5
4.f3 e6
5.e3 Bf8b4
6.Ng1e2 c5
7.a3 cxd4
8.Qd1xd4 Nb8c6
9.Qd4d2 Qd8a5
10.Ra1d1 Bb4e7
11.Ne2c1 O-O
12.Nc1b3 Qa5d8
13.Nc3b5 e5
14.Bf4g3 a6
15.Nb5c3 d4
16.exd4 exd4
17.Nc3a4 Rf8e8
18.Bf1e2 b5
19.Na4c5 Be7xc5
20.Nb3xc5 d3
21.Nc5xd3 Nc6d4
22.Bg3e5 Nd4xe2
23.Qd2xe2 Nf6d7
24.O-O Qd8b6
25.Kh1 Bf5xd3
26.Qe2xd3 Nd7xe5
27.Qd3c3 Ne5c4
28.Rf1e1 Re8xe1
29.Rd1xe1 Ra8d8
30.h4 Qb6f2
31.Re1e4 f5
32.Re4e7 Qf2xh4
{ resign }
0-1

[Event "Match"]
[Site "www.echecsemail.com"]
[Date "2017.01.31"]
[Round "1"]
[White "Aperturaf"]
[Black "Joseph1983"]
[WhiteElo "2520"]
[BlackElo "2210"]
[Result "1-0"]
[Round "1"]
1.e4 c5
2.Ng1f3 e6
3.d4 cxd4
4.Nf3xd4 Ng8f6
5.Nb1c3 Bf8b4
6.e5 Nf6e4
7.Qd1g4 Ne4xc3
8.Qg4xg7 Rh8f8
9.a3 Qd8h4
10.axb4 Qh4xd4
11.Bc1h6 Qd4xb4
12.Qg7xf8 { resign }
1-0

[Event "Match"]
[Site "www.echecsemail.com"]
[Date "2017.01.31"]
[Round "1"]
[White "Yoj"]
[Black "Libiesse"]
[WhiteElo "1990"]
[BlackElo "1980"]
[Result "1-0"]
[Round "1"]
1.Ng1f3 d5
2.c4 d4
3.c5 Nb8c6
4.Qd1a4 Ng8f6
5.b4 a5
6.b5 Nc6b4
7.a3 Nb4d5
8.Nf3xd4 e5
9.Nd4b3 Bc8f5
10.Nb3xa5  { time }
1-0

[Event "Match"]
[Site "www.echecsemail.com"]
[Date "2017.01.31"]
[Round "1"]
[White "Yoj"]
[Black "Gilliere"]
[WhiteElo "1809"]
[BlackElo "2030"]
[Result "1-0"]
[Round "1"]
1.f4 Ng8f6
2.d3 d5
3.Ng1f3 e6
4.c3 Nb8d7
5.Bc1d2 Bf8e7
6.e3 O-O
7.Bf1e2 b6
8.Nf3e5 Nd7xe5
9.fxe5 Nf6d7
10.d4 Bc8b7
11.Qd1c2 a5
12.Be2d3 g6
13.Nb1a3 f5
14.exf6 Rf8xf6
15.O-O-O Bb7a6
16.c4 Be7xa3
17.bxa3 dxc4
18.Bd3xc4 Ba6xc4
19.Qc2xc4 Ra8c8
20.Bd2c3 Nd7f8
21.d5 Rf6f2
22.dxe6 Qd8e7
23.Qc4d4 Nf8xe6
24.Qd4h8 Kf7
25.Qh8xh7 Ke8
26.Qh7g8 Ne6f8
27.Bc3g7 Qe7c5
28.Kb1 Qc5xa3
29.Qg8d5 Rf2f5
30.Qd5c6 Kf7
31.Bg7xf8 Qa3xf8
32.Rd1d7 Kg8
33.Qc6xg6 Kh8
34.Qg6h7 
1-0

[Event "Match"]
[Site "www.echecsemail.com"]
[Date "2017.01.31"]
[Round "1"]
[White "Karlgrocer"]
[Black "Jwc"]
[WhiteElo "2060"]
[BlackElo "1269"]
[Result "1-0"]
[Round "1"]
1.Ng1f3 c5
2.e4 d6
3.Bf1e2 g6
4.O-O Bf8g7
5.c3 Ng8f6
6.d3 O-O
7.Bc1e3 Nb8c6
8.d4  { time }
1-0

[Event "Match"]
[Site "www.echecsemail.com"]
[Date "2017.01.31"]
[Round "1"]
[White "Yaw1"]
[Black "Pinehill"]
[WhiteElo "1809"]
[BlackElo "2090"]
[Result "1-0"]
[Round "1"]
1.c4 Ng8f6
2.d4 h6
3.Nb1c3 e6
4.g3 c5
5.Bc1f4 cxd4
6.Qd1xd4 Nb8c6
7.Qd4d2 a6
8.a3 d5
9.cxd5 Nf6xd5
10.Nc3xd5 Qd8xd5
11.Qd2xd5 exd5
12.O-O-O d4
13.Ng1f3 Bf8c5
14.Nf3e5 Nc6xe5
15.Bf4xe5 O-O
16.Be5xd4 Bc5xd4
17.Rd1xd4 Bc8e6
18.Bf1g2 Ra8b8
19.Rh1d1 Be6a2
20.Rd1d2 Rb8c8
21.Rd2c2 b5
22.Rd4d6 a5
23.Rd6c6 Rc8xc6
24.Rc2xc6 a4
25.Rc6b6 Ba2c4
26.e3 Rf8d8
27.Bg2c6 Bc4b3
28.Bc6f3 g6
29.Rb6xb5 Rd8d2
30.Kxd2 { resign }
1-0

[Event "Match"]
[Site "www.echecsemail.com"]
[Date "2017.01.31"]
[Round "1"]
[White "Nitorrey"]
[Black "Lcmachado"]
[WhiteElo "1499"]
[BlackElo "1499"]
[Result "0-1"]
[Round "1"]
1.e4 e5
2.Bf1b5 a6
3.Bb5a4 b5
4.Ba4b3 Ng8f6
5.d4 d6
6.Ng1f3 Nb8d7
7.Nf3g5 d5
 { time }
0-1

[Event "Match"]
[Site "www.echecsemail.com"]
[Date "2017.01.31"]
[Round "1"]
[White "Pdebonis"]
[Black "Hundegana"]
[WhiteElo "1499"]
[BlackElo "2010"]
[Result "1-0"]
[Round "1"]
1.d4 f5
2.g3 g6
3.Bf1g2 c6
4.Ng1f3 Bf8g7
5.c4 Ng8f6
6.Nb1c3 O-O
7.O-O d6
8.b3 Kh8
9.e3 Rf8e8
10.Bc1b2 e6
11.Rf1e1 Nb8d7
12.e4 a6
13.Nf3g5 Qd8e7
14.exf5 gxf5
15.Re1xe6 Qe7f8
16.Re6xe8 Qf8xe8
17.d5 c5
18.Ng5e6 Ra8b8
19.Ne6xg7 Kxg7
20.Qd1d2 Qe8g6
21.Ra1e1 Nd7e5
22.Nc3e2 Bc8d7
23.Ne2f4 Qg6f7
24.Nf4e6 Bd7xe6
25.dxe6 Qf7xe6
26.f4 Ne5xc4
27.Re1xe6 Nc4xd2
28.Re6xf6 Kg8
29.Bg2d5 Kg7
30.Rf6xf5 Kg6
31.Rf5g5 Kh6
32.Bb2g7 { resign }
1-0

[Event "Match"]
[Site "www.echecsemail.com"]
[Date "2017.01.31"]
[Round "1"]
[White "Nimzo"]
[Black "Jacks"]
[WhiteElo "2840"]
[BlackElo "2860"]
[Result "1-0"]
[Round "1"]
1.d4 d5
2.c4 c6
3.cxd5 cxd5
4.Bc1f4 Nb8c6
5.e3 Ng8f6
6.Nb1c3 Bc8f5
7.Qd1b3 Nc6a5
8.Qb3a4 Bf5d7
9.Qa4c2 e6
10.Ng1f3 Bf8e7
11.h3 Nf6e4
12.Bf1d3 f5
13.O-O Ra8c8
14.Rf1c1 O-O
15.Qc2d1 Bd7e8
16.Nc3e2 Na5c6
17.Qd1b3 Ne4d6
18.Nf3e5 a6
19.Bf4h2 g5
20.Ra1b1 b5
21.Qb3d1 Qd8b6
22.b3 Qb6b7
23.a4 Nc6b4
24.Rc1xc8 Qb7xc8
25.Rb1c1 Qc8b7
26.Ne2c3 Nd6e4
27.axb5 axb5
28.Bd3f1 Be7d6
29.Ne5f3 Bd6xh2
30.Nf3xh2 Ne4d6
31.Nh2f3 h6
32.Nf3e5 Nb4c6
33.Bf1d3 Qb7b6
34.Nc3e2 Nd6e4
35.Bd3xe4 fxe4
36.Qd1c2 Nc6xe5
37.dxe5 Qb6b8
38.Qc2c7 Qb8xc7
39.Rc1xc7 Rf8f7
40.Rc7xf7 Kxf7
41.b4 Be8d7
42.Ne2d4 Kg6
43.Kh2 Kf7
44.f4 exf3
45.gxf3 Kg6
46.f4 gxf4
47.exf4 Kf7
48.Kg3 Kg7
49.h4 Kg6
50.f5 exf5
51.Kf3 Kf7
52.Kf4 Kg6
53.Ke3 { resign }
1-0